[Event "Kings Gambit for all II"]
[Site "SchemingMind.com"]
[Date "2009.07.08"]
[Round "-"]
[White "DandyLion"]
[Black "andu"]
[Result "0-1"]
[WhiteCountry "IRL"]
[BlackCountry "AUT"]
[WhiteElo "1936"]
[WhiteRD "72"]
[BlackElo "1892"]
[BlackRD "50"]
[GameID "211147"]

1. e4 e5 2. f4 exf4 3. Nf3 g5 4. h4 g4 5. Ne5 Nf6 6. d4 d6 7. Nd3 Bh6 8. Nc3 Nh5 9. Be2 Ng3 10. Rh2 Nc6
11. d5 Ne5 12. Nxf4 Bxf4 13. Bxf4 Nxe2 14. Qxe2 Qf6 15. Bg5 Qg6 16. O-O-O O-O 17. Rf1 Bd7 18. Rf6 Qg7 19. Qf1 g3 20. Rh1 Ng4
21. Rf3 Nh2 22. Rxh2 gxh2 23. Rf6 Rae8 24. Rf2 f5 25. exf5 Rxf5 26. Rxf5 Bxf5 27. Bf4 Qd4 28. Bxh2 Qe3+ 29. Kb1 Qe1+ 30. Qxe1 Rxe1+
31. Nd1 Rxd1#
0-1

[Event "Kings Gambit for all II"]
[Site "SchemingMind.com"]
[Date "2009.07.08"]
[Round "-"]
[White "andu"]
[Black "DandyLion"]
[Result "1-0"]
[WhiteCountry "AUT"]
[BlackCountry "IRL"]
[WhiteElo "1835"]
[WhiteRD "49"]
[BlackElo "1895"]
[BlackRD "81"]
[GameID "211148"]

1. e4 e5 2. f4 exf4 3. Nf3 g5 4. h4 g4 5. Ng5 d6 6. d4 Qf6 7. Nc3 Ne7 8. Bc4 Be6 9. Bxe6 fxe6 10. Qxg4 e5
11. Ne6 Na6 12. O-O Rg8 13. Nd5 Qh6 14. Ndxc7+ Kf7 15. Ng5+ Kg7 16. Nce6+ Kf6 17. Rxf4+ Nf5 18. Qxf5+ Ke7 19. Qf7#
1-0

[Event "Kings Gambit for all II"]
[Site "SchemingMind.com"]
[Date "2009.07.08"]
[Round "-"]
[White "dtedesco"]
[Black "andu"]
[Result "0-1"]
[WhiteCountry "CAN"]
[BlackCountry "AUT"]
[WhiteElo "1485"]
[WhiteRD "68"]
[BlackElo "1835"]
[BlackRD "49"]
[GameID "211557"]

1. e4 e5 2. f4 exf4 3. Nf3 g5 4. d4 d6 5. h4 g4 6. Ng5 f6 7. Nh3 gxh3 8. Qh5+ Kd7 9. Qf5+ Ke7 10. Qxf4 Bh6
11. Qf3 Bxc1 12. gxh3 Bxb2 13. Bd3 Bxa1 14. e5 Bxd4 15. exf6+ Nxf6 16. c3 Bb6 17. Kd2 Rf8 18. Re1+ Kf7 19. Bxh7 Nc6 20. Na3 Ne5
0-1

[Event "Kings Gambit for all II"]
[Site "SchemingMind.com"]
[Date "2009.07.08"]
[Round "-"]
[White "dtedesco"]
[Black "DandyLion"]
[Result "0-1"]
[WhiteCountry "CAN"]
[BlackCountry "IRL"]
[WhiteElo "1485"]
[WhiteRD "68"]
[BlackElo "1895"]
[BlackRD "81"]
[GameID "211558"]

1. e4 e5 2. f4 exf4 3. Nf3 g5 4. h4 g4 5. Ne5 h5 6. d4 d6 7. Nd3 Nf6 8. Nc3 Qe7 9. e5 Nc6 10. Bxf4 Bf5
11. Ne2 dxe5 12. Nxe5 Nxe5 13. dxe5 Nd7 14. Ng3 Be6 15. Bg5 Qb4+ 16. Qd2 Qxd2+ 17. Kxd2 Bg7 18. Re1 Nxe5 19. Kc1 f6 20. Bf4 O-O-O
21. Rd1 Rxd1+ 22. Kxd1 Nc4 23. Bxc4 Bxc4 24. a3 Bd5 25. Re1 Kd7 26. Re2 f5 27. c3 Bb3+ 28. Kc1 Bh6 29. Bxh6= Rxh6 30. Nxf5 Rf6
31. Rd2+ Ke8 32. Nd4 Rf1+ 33. Rd1 Rxd1#
0-1

[Event "Kings Gambit for all II"]
[Site "SchemingMind.com"]
[Date "2009.07.08"]
[Round "-"]
[White "andu"]
[Black "dtedesco"]
[Result "1-0"]
[WhiteCountry "AUT"]
[BlackCountry "CAN"]
[WhiteElo "1835"]
[WhiteRD "49"]
[BlackElo "1485"]
[BlackRD "68"]
[GameID "211559"]

1. e4 e5 2. f4 exf4 3. Nf3 g5 4. h4 g4 5. Ng5 h6 6. Nxf7 Kxf7 7. Qxg4 Nf6 8. Qxf4 Bd6 9. Bc4+ Kg7 10. Qf3 Nc6
11. d3 Be5 12. c3 Rf8 13. O-O d6 14. d4 Bg4 15. Qe3 Bxd4 16. cxd4 Nh5 17. Qxh6#
1-0

[Event "Kings Gambit for all II"]
[Site "SchemingMind.com"]
[Date "2009.07.07"]
[Round "-"]
[White "DandyLion"]
[Black "dtedesco"]
[Result "1-0"]
[WhiteCountry "IRL"]
[BlackCountry "CAN"]
[WhiteElo "1895"]
[WhiteRD "81"]
[BlackElo "1485"]
[BlackRD "68"]
[GameID "211560"]

1. e4 e5 2. f4 exf4 3. Nf3 g5 4. h4 g4 5. Ne5 d6 6. Nxg4 Bg7 7. d4 f5 8. exf5 Qe7+ 9. Be2 Bxf5 10. Nf2 Nc6
11. c3 O-O-O 12. Bxf4 Nf6 13. O-O Rhe8 14. Bf3 Be4 15. Nd2 Bxf3 16. Nxf3 Qe2 17. b4 Ne4 18. Qxe2 Nxc3 19. Qd2 Ne2+ 20. Kh2 Re7
21. Bg5 Bxd4 22. Nxd4 Nexd4 23. Bxe7 Re8 24. Bg5 b6 25. Rac1 Re2 26. Qxe2
1-0

[Event "Kings Gambit for all II"]
[Site "SchemingMind.com"]
[Date "2009.07.08"]
[Round "-"]
[White "lontjr"]
[Black "andu"]
[Result "0-1"]
[WhiteCountry "USA"]
[BlackCountry "AUT"]
[WhiteElo "1253"]
[WhiteRD "142"]
[BlackElo "1835"]
[BlackRD "49"]
[GameID "211604"]

1. e4 e5 2. f4 exf4 3. d4 Qh4+ 4. Ke2 Nf6 5. Nc3 b6 6. Nf3 Qh5 7. Bxf4 Bb4 8. Bxc7 Bxc3 9. bxc3 Nxe4 10. g4 Qxg4
11. Rg1 Qxg1
0-1

[Event "Kings Gambit for all II"]
[Site "SchemingMind.com"]
[Date "2009.07.08"]
[Round "-"]
[White "lontjr"]
[Black "DandyLion"]
[Result "0-1"]
[WhiteCountry "USA"]
[BlackCountry "IRL"]
[WhiteElo "1253"]
[WhiteRD "142"]
[BlackElo "1895"]
[BlackRD "81"]
[GameID "211605"]

1. e4 e5 2. f4 exf4 3. Bc4 Qh4+ 4. Kf1 Nc6 5. Nf3 Qh5 6. d4 d6 7. Bxf4 Bg4 8. d5 Ne5 9. Bb5+ Bd7 10. Nc3 O-O-O
11. Be2 Nxf3 12. Bxf3 Qg6 13. Bh5 Qf6 14. g3 g5 15. Qd2 gxf4 16. gxf4 Bh6 17. Qf2 Bxf4
0-1

[Event "Kings Gambit for all II"]
[Site "SchemingMind.com"]
[Date "2009.07.08"]
[Round "-"]
[White "dtedesco"]
[Black "lontjr"]
[Result "1-0"]
[WhiteCountry "CAN"]
[BlackCountry "USA"]
[WhiteElo "1485"]
[WhiteRD "68"]
[BlackElo "1253"]
[BlackRD "142"]
[GameID "211606"]

1. e4 e5 2. f4 exf4 3. Nf3 g5 4. h4 g4 5. Ne5 Nf6 6. Bc4 d5 7. exd5 Nxd5 8. d3 Qf6 9. Nxg4 Bxg4 10. Qxg4 Nb6
11. Bxf4 Bd6 12. Bg5 Qe5+ 13. Kd2 N8d7 14. Re1
1-0

[Event "Kings Gambit for all II"]
[Site "SchemingMind.com"]
[Date "2009.07.08"]
[Round "-"]
[White "andu"]
[Black "lontjr"]
[Result "1-0"]
[WhiteCountry "AUT"]
[BlackCountry "USA"]
[WhiteElo "1835"]
[WhiteRD "49"]
[BlackElo "1253"]
[BlackRD "142"]
[GameID "211607"]

1. e4 e5 2. f4 d5 3. exd5 c6 4. Qe2 cxd5 5. fxe5 Nc6 6. Nf3 Bg4 7. Nc3 Bc5 8. Qb5 Qb6 9. Nxd5 Qxb5 10. Nc7+ Kd8
11. Nxb5 Nge7 12. d3 a6 13. Nd6 Bxd6 14. exd6 Nd5 15. Ng5 Ke8 16. Be2 Bxe2 17. Kxe2 Rd8 18. c4 h6 19. cxd5
1-0

[Event "Kings Gambit for all II"]
[Site "SchemingMind.com"]
[Date "2009.07.08"]
[Round "-"]
[White "DandyLion"]
[Black "lontjr"]
[Result "1-0"]
[WhiteCountry "IRL"]
[BlackCountry "USA"]
[WhiteElo "1895"]
[WhiteRD "81"]
[BlackElo "1253"]
[BlackRD "142"]
[GameID "211608"]

1. e4 e5 2. f4 Bc5 3. Nf3 d6 4. Bc4 Nf6 5. d3 Nc6 6. c3 O-O 7. Qe2 Re8 8. Be3 Bg4 9. Nbd2 exf4 10. Bxf4 a5
11. Be3 Nd7 12. O-O Nde5 13. Bb3 b5 14. d4 Nxf3+ 15. Nxf3 Bb6 16. Bd5 Qd7 17. Qxb5 Nxd4 18. Qxd7 Nxf3+ 19. Rxf3 Bxd7 20. Bxb6 cxb6
21. Bxf7+ Kh8 22. Bxe8 Rxe8 23. Raf1 Kg8 24. Rf4
1-0

[Event "Kings Gambit for all II"]
[Site "SchemingMind.com"]
[Date "2009.07.08"]
[Round "-"]
[White "woldcatchess"]
[Black "dtedesco"]
[Result "0-1"]
[WhiteCountry "USA"]
[BlackCountry "CAN"]
[WhiteElo "1342"]
[WhiteRD "152"]
[BlackElo "1519"]
[BlackRD "73"]
[GameID "211634"]

1. e4 e5 2. f4 exf4 3. Nf3 g5 4. h4 g4 5. Ne5 d6 6. Nxg4 Bxg4 7. Qxg4 Nf6 8. Qxf4 Qe7 9. Nc3 Nc6 10. Bb5 Kd7
11. O-O a6
0-1

[Event "Kings Gambit for all II"]
[Site "SchemingMind.com"]
[Date "2009.07.08"]
[Round "-"]
[White "woldcatchess"]
[Black "andu"]
[Result "0-1"]
[WhiteCountry "USA"]
[BlackCountry "AUT"]
[WhiteElo "1342"]
[WhiteRD "152"]
[BlackElo "1892"]
[BlackRD "50"]
[GameID "211636"]

1. e4 e5 2. f4 exf4 3. Nf3 g5 4. h4 g4 5. Ne5 Nf6 6. Nxg4 Nxe4 7. d3 Ng3 8. Bxf4 Qe7+ 9. Be2 Nxh1 10. Bg5 f6
11. Nxf6+ Kf7 12. Ne4 Qe6 13. Bh5+ Kg8 14. Bg4 Qe5 15. Qf3 Bg7 16. Bh5 Qe6 17. Bg4 Qf7 18. Nf6+ Bxf6 19. Bxf6 h5 20. Bxh8 hxg4
21. Qxf7+ Kxf7 22. Be5 d6 23. Bf4 Nc6 24. Nc3 Nd4 25. Kd2 Bf5 26. Rxh1 Bd7 27. h5 Rh8 28. h6 Nf5 29. Nd5 Bc6 30. Rh5 Nxh6
31. Nxc7 Kg6 32. Rxh6+ Rxh6 33. Bxh6 Kxh6 34. g3 Kg6 35. Ke3 Kf5 36. c4 Ke5 37. d4+ Kf5
0-1

[Event "Kings Gambit for all II"]
[Site "SchemingMind.com"]
[Date "2009.07.08"]
[Round "-"]
[White "woldcatchess"]
[Black "DandyLion"]
[Result "0-1"]
[WhiteCountry "USA"]
[BlackCountry "IRL"]
[WhiteElo "1342"]
[WhiteRD "152"]
[BlackElo "1936"]
[BlackRD "72"]
[GameID "211637"]

1. e4 e5 2. f4 exf4 3. Nf3 g5 4. h4 g4 5. Ne5 Nf6 6. Nxg4 Nxe4 7. d3 Ng3 8. Bxf4 Qe7+ 9. Be2 Nxh1 10. Bg5 Qe6
11. Nf6+ Kd8 12. Nd5+ Be7 13. Bxe7+ Ke8 14. Nxc7+ Kxe7 15. Nxe6 dxe6 16. g4 Ng3 17. Bf3 h5 18. Qd2 hxg4 19. Qb4+ Kd7 20. Bxb7 Nc6
21. Bxc6+ Kxc6 22. Qxg4 Bb7 23. Qxg3 Rag8
0-1

[Event "Kings Gambit for all II"]
[Site "SchemingMind.com"]
[Date "2009.07.08"]
[Round "-"]
[White "andu"]
[Black "woldcatchess"]
[Result "1-0"]
[WhiteCountry "AUT"]
[BlackCountry "USA"]
[WhiteElo "1892"]
[WhiteRD "50"]
[BlackElo "1342"]
[BlackRD "152"]
[GameID "211640"]

1. e4 e5 2. f4 d5 3. exd5 e4 4. Nc3 Nf6 5. Bb5+ Bd7 6. Qe2 Qe7 7. d4 exd3 8. Bxd3 Qxe2+ 9. Ngxe2 Bb4 10. a3 Bc5
11. f5 O-O 12. Bg5
1-0

[Event "Kings Gambit for all II"]
[Site "SchemingMind.com"]
[Date "2009.07.08"]
[Round "-"]
[White "DandyLion"]
[Black "woldcatchess"]
[Result "1-0"]
[WhiteCountry "IRL"]
[BlackCountry "USA"]
[WhiteElo "1936"]
[WhiteRD "72"]
[BlackElo "1342"]
[BlackRD "152"]
[GameID "211641"]

1. e4 e5 2. f4 exf4 3. Nf3 d6 4. d4 g5 5. Bc4 g4 6. O-O gxf3 7. Qxf3 Qf6 8. c3 Bh6 9. Bxf4 Bxf4 10. Qxf4 Qxf4
11. Rxf4
1-0

[Event "Kings Gambit for all II"]
[Site "SchemingMind.com"]
[Date "2009.07.14"]
[Round "-"]
[White "Schaakmaatje"]
[Black "dtedesco"]
[Result "1-0"]
[WhiteCountry "NED"]
[BlackCountry "CAN"]
[WhiteElo "1671"]
[WhiteRD "49"]
[BlackElo "1494"]
[BlackRD "65"]
[GameID "211909"]

1. e4 e5 2. f4 Nc6 3. Nf3 Qe7 4. Bc4 h6 5. d3 d6 6. O-O Nf6 7. Nc3 Bg4 8. Qe1 O-O-O 9. Nd5 Nxd5 10. Bxd5 Nd4
11. Nxd4 exd4 12. Qb4 c6 13. Bb3 f5= 14. e5 dxe5 15. Qxe7 Bxe7 16. Be6+ Kb8 17. fxe5 Rhe8 18. Bxf5 Bxf5 19. Rxf5 Rd5 20. Bf4 g5
21. Bg3 h5 22. h3 Rf8 23. Rxf8+ Bxf8 24. Rf1 Be7 25. Rf7 Bb4 26. Rh7 h4 27. Bh2 a5 28. e6+ Kc8 29. Bc7 Rc5 30. Bb6 Rxc2
31. Rh8+
1-0

[Event "Kings Gambit for all II"]
[Site "SchemingMind.com"]
[Date "2009.07.14"]
[Round "-"]
[White "Schaakmaatje"]
[Black "lontjr"]
[Result "0-1"]
[WhiteCountry "NED"]
[BlackCountry "USA"]
[WhiteElo "1674"]
[WhiteRD "50"]
[BlackElo "1520"]
[BlackRD "114"]
[GameID "211910"]

1. e4 e5 2. f4 Nf6 3. Nc3 d5 4. Nf3 dxe4 5. Nxe5 Bc5 6. Qe2 Nc6 7. Nxc6 bxc6 8. Qc4 Qd4 9. Qxd4 Bxd4 10. Ne2 Bb6
11. d4 exd3 12. cxd3 Bf5 13. Ng3 Be6 14. Bd2 O-O-O 15. Be2 Rhe8 16. Kd1 Bg4
0-1

[Event "Kings Gambit for all II"]
[Site "SchemingMind.com"]
[Date "2009.07.14"]
[Round "-"]
[White "Schaakmaatje"]
[Black "andu"]
[Result "1-0"]
[WhiteCountry "NED"]
[BlackCountry "AUT"]
[WhiteElo "1674"]
[WhiteRD "50"]
[BlackElo "1957"]
[BlackRD "51"]
[GameID "211911"]

1. e4 e5 2. f4 exf4 3. Nf3 g5 4. Bc4 Bg7 5. d4 d6 6. c3 h6 7. Qb3 Qe7 8. O-O Nf6 9. e5 dxe5 10. Nxe5 a6
11. Bxf7+ Kd8 12. Ng6 Qe4 13. Nxh8 Bxh8 14. Bd2 Nc6 15. Re1 Qh7 16. Be6 Bxe6 17. Qxe6 Qd7 18. Na3 Qxe6 19. Rxe6 Kd7 20. Rae1 Re8
21. Rxe8 Nxe8 22. Nc4 b5 23. Na3 Nxd4 24. cxd4 Bxd4+ 25. Kf1 Bxb2 26. Nb1 Nf6 27. Bc3
1-0

[Event "Kings Gambit for all II"]
[Site "SchemingMind.com"]
[Date "2009.07.14"]
[Round "-"]
[White "Schaakmaatje"]
[Black "DandyLion"]
[Result "0-1"]
[WhiteCountry "NED"]
[BlackCountry "IRL"]
[WhiteElo "1674"]
[WhiteRD "50"]
[BlackElo "1908"]
[BlackRD "70"]
[GameID "211912"]

1. e4 e5 2. f4 exf4 3. Nf3 g5 4. Bc4 Bg7 5. d4 d6 6. Nc3 Nc6 7. O-O h6 8. Nd5 Nge7 9. c3 O-O 10. b4 a6
11. Qc2 Ng6 12. Bd2 Nce7 13. Rae1 c6 14. Nxe7+ Qxe7 15. h3 Bd7 16. Bd3 a5 17. a3 axb4 18. axb4 b6 19. e5 Qe6 20. c4 dxe5
21. d5 cxd5 22. cxd5 Qxd5 23. Bxg6 fxg6 24. Qxg6 e4 25. Qxe4 Qxe4 26. Rxe4 Bf5 27. Re7 b5 28. Ne5 Ra2 29. Bc3 Rc2 30. Ba1 Re2
31. Rxg7+ Kxg7 32. Nd7+ Kf7 33. Nxf8 Kxf8 34. Rc1 Be4 35. Rc8+ Kf7 36. Rc7+ Kg6 37. Rg7+ Kh5 38. g4+ fxg3
0-1

[Event "Kings Gambit for all II"]
[Site "SchemingMind.com"]
[Date "2009.07.14"]
[Round "-"]
[White "dtedesco"]
[Black "Schaakmaatje"]
[Result "0-1"]
[WhiteCountry "CAN"]
[BlackCountry "NED"]
[WhiteElo "1494"]
[WhiteRD "65"]
[BlackElo "1671"]
[BlackRD "49"]
[GameID "211914"]

1. e4 e5 2. f4 exf4 3. Nf3 Be7 4. Bc4 c6 5. Ne5 d5 6. exd5 cxd5 7. Bb5+ Bd7 8. Nc3 Nc6 9. Nxd5 Nxe5 10. Bxd7+ Qxd7
11. Nxf4 Nf6 12. d4 Ng6 13. O-O Qg4 14. h3 Qxd1 15. Rxd1 O-O 16. Nxg6 hxg6 17. c4 Rfd8 18. d5 Bc5+ 19. Kf1 Ne4 20. Bf4 f5
21. a3 a5 22. Rab1 Rd7 23. g4 Nf2 24. Rd2 Nxh3 25. Be5 Re8 26. Re1 Ng5 27. gxf5 Nf3
0-1

[Event "Kings Gambit for all II"]
[Site "SchemingMind.com"]
[Date "2009.07.14"]
[Round "-"]
[White "lontjr"]
[Black "Schaakmaatje"]
[Result "1-0"]
[WhiteCountry "USA"]
[BlackCountry "NED"]
[WhiteElo "1520"]
[WhiteRD "114"]
[BlackElo "1674"]
[BlackRD "50"]
[GameID "211915"]

1. e4 e5 2. f4 exf4 3. Nf3 Be7 4. Bc4 Bh4+ 5. Kf1 Nh6 6. d4 Ng4 7. Bxf4 Nf2 8. Qe1 Nxh1 9. Qxh4 Qxh4 10. Nxh4 h6
11. Bxc7 Nc6 12. Kg1 Nxd4 13. Nc3 Nxc2 14. Rc1 Ne3 15. Bb3 g5 16. Nf3 g4 17. Nh4
1-0

[Event "Kings Gambit for all II"]
[Site "SchemingMind.com"]
[Date "2009.07.14"]
[Round "-"]
[White "andu"]
[Black "Schaakmaatje"]
[Result "1-0"]
[WhiteCountry "AUT"]
[BlackCountry "NED"]
[WhiteElo "1957"]
[WhiteRD "51"]
[BlackElo "1674"]
[BlackRD "50"]
[GameID "211916"]

1. e4 e5 2. f4 exf4 3. Nf3 Be7 4. Bc4 Nf6 5. Nc3 O-O 6. d3 Nh5 7. O-O d6 8. Nd5 Bg4 9. h3 Bxf3 10. Qxf3 Nf6
11. Qxf4 c6 12. Nxe7+ Qxe7 13. Qg3 Nbd7 14. Bg5 Qe5 15. Qxe5 dxe5 16. Bxf6 Nxf6 17. g4 Nd7 18. a4 Rae8 19. b4 Re7 20. Kg2 Kh8
21. b5 f6 22. Rfb1 c5 23. Ra3 b6 24. a5 Rb8 25. axb6 axb6 26. Ra7 g6 27. Bd5 Kg7 28. Bc6 Rd8 29. Rb7 Kf8 30. Ra1 Kf7
31. Raa7 Ke6 32. Bd5+ Kd6 33. Rc7
1-0

[Event "Kings Gambit for all II"]
[Site "SchemingMind.com"]
[Date "2009.07.14"]
[Round "-"]
[White "DandyLion"]
[Black "Schaakmaatje"]
[Result "1-0"]
[WhiteCountry "IRL"]
[BlackCountry "NED"]
[WhiteElo "1936"]
[WhiteRD "72"]
[BlackElo "1710"]
[BlackRD "50"]
[GameID "211917"]

1. e4 e5 2. f4 exf4 3. Nf3 Be7 4. Bc4 Bh4+ 5. Kf1 Nh6 6. d4 Ng4 7. Nxh4 Qxh4 8. Qf3 Qxh2 9. Bxf7+ Kd8 10. Rg1 Nf6
11. Bxf4 Qh4 12. e5 Nh5 13. Bxh5
1-0

[Event "Kings Gambit for all II"]
[Site "SchemingMind.com"]
[Date "2009.07.15"]
[Round "-"]
[White "alvaro"]
[Black "Schaakmaatje"]
[Result "0-1"]
[WhiteCountry "URU"]
[BlackCountry "NED"]
[WhiteElo "1836"]
[WhiteRD "71"]
[BlackElo "1671"]
[BlackRD "49"]
[GameID "211982"]

1. e4 e5 2. f4 exf4 3. Nf3 d5 4. exd5 Bc5 5. d4 Bd6 6. Bb5+ Bd7 7. Qe2+ Qe7 8. Nc3 Nf6 9. Qxe7+ Kxe7 10. O-O a6
11. Bd3 h6 12. Ne5 g5 13. Nxd7 Nbxd7 14. a3 Rhe8 15. Bd2 Kf8 16. Bf5 Rad8 17. b4 Nb6 18. Rae1 Nbxd5 19. Nxd5 Nxd5 20. c4 Ne3
21. Bxe3 fxe3 22. Bg6 Rd7 23. c5 Bf4 24. Bh5 Ree7 25. Re2 c6 26. Rd1 Re4 27. g3 Bc7 28. Kg2 f5 29. Bg6 Rd5 30. Rd3 Re6
31. Rdxe3 Rxg6 32. Re8+ Kf7 33. R2e7+ Kf6 34. Rxc7 Rg7 35. Rxg7 Kxg7 36. Re7+ Kg6 37. Rxb7 Rxd4 38. Rb6 Rd2+ 39. Kf1 Rxh2 40. Rxc6+ Kh5
41. Rxa6 Rc2 42. Rf6 Kg4 43. b5 Rxc5 44. a4 f4 45. gxf4 gxf4 46. b6 Kf3 47. Ke1 Rc1+ 48. Kd2 Rb1 49. a5 Ke4 50. a6 Ke5
51. Rxh6 f3 52. a7 f2 53. Ke2 f1=Q+
0-1

[Event "Kings Gambit for all II"]
[Site "SchemingMind.com"]
[Date "2009.07.10"]
[Round "-"]
[White "alvaro"]
[Black "lontjr"]
[Result "1-0"]
[WhiteCountry "URU"]
[BlackCountry "USA"]
[WhiteElo "1779"]
[WhiteRD "74"]
[BlackElo "1361"]
[BlackRD "128"]
[GameID "211984"]

1. e4 e5 2. f4 Bc5 3. Nf3 d5 4. Nxe5 Nf6 5. Nc3 O-O 6. d4 Bb4 7. Bd2 Nc6 8. Nxc6 bxc6 9. e5 Re8 10. Be2 Nd7
11. O-O Nb6 12. f5 Ba5 13. f6 g6 14. Bh6 Nc4 15. Qc1 Bb6 16. Qf4 Nxe5 17. Kh1 Nc4 18. Bf8 Rxe2 19. Bb4 Re6 20. b3 a5
21. Be7 Rxe7 22. fxe7 Qxe7 23. bxc4 dxc4 24. Rae1 Be6 25. Na4 f5 26. c3 Re8 27. Qg3 Qa3 28. Nxb6 cxb6 29. Rxf5 Bxf5 30. Rxe8+ Kf7
31. Qe1 Bd7 32. Re3 Qf8 33. Rf3+ Bf5 34. g4
1-0

[Event "Kings Gambit for all II"]
[Site "SchemingMind.com"]
[Date "2009.07.10"]
[Round "-"]
[White "alvaro"]
[Black "andu"]
[Result "0-1"]
[WhiteCountry "URU"]
[BlackCountry "AUT"]
[WhiteElo "1782"]
[WhiteRD "72"]
[BlackElo "1835"]
[BlackRD "49"]
[GameID "211985"]

1. e4 e5 2. f4 exf4 3. Nf3 g5 4. d4 d6 5. Bc4 g4 6. Bxf4 gxf3 7. Qxf3 Bg7 8. Bxd6 Nh6 9. Be5 Bxe5 10. dxe5 Bg4
11. Qd3 Nd7 12. h3 Qh4+ 13. g3 Qh5 14. e6 fxe6 15. Qd4 O-O-O 16. Qxa7 Qe5 17. Nd2 Nb6 18. hxg4 Qxg3+ 19. Ke2 Qg2+
0-1

[Event "Kings Gambit for all II"]
[Site "SchemingMind.com"]
[Date "2009.07.11"]
[Round "-"]
[White "alvaro"]
[Black "DandyLion"]
[Result "0-1"]
[WhiteCountry "URU"]
[BlackCountry "IRL"]
[WhiteElo "1782"]
[WhiteRD "72"]
[BlackElo "1895"]
[BlackRD "81"]
[GameID "211986"]

1. e4 e5 2. f4 exf4 3. Nf3 g5 4. d4 d6 5. Bc4 Bg7 6. O-O Nc6 7. d5 Ne5 8. Nxe5 Bxe5 9. a4 Nf6 10. Bd3 O-O
11. c4 b6 12. Nd2 Bd7 13. Nf3 Ng4 14. h3 Nf6 15. Nxe5 dxe5 16. b4 Qe7 17. Ba3 Rfe8 18. Ra2 g4 19. b5 Qd8 20. hxg4 Nxg4
21. Qe1 Qg5 22. Bc1 Qh5 23. g3 Kh8 24. gxf4 Rg8 25. Rg2 Nh2 26. fxe5 Rxg2+ 27. Kxg2 Rg8+ 28. Kf2 Qf3#
0-1

[Event "Kings Gambit for all II"]
[Site "SchemingMind.com"]
[Date "2009.07.15"]
[Round "-"]
[White "Schaakmaatje"]
[Black "alvaro"]
[Result "0-1"]
[WhiteCountry "NED"]
[BlackCountry "URU"]
[WhiteElo "1674"]
[WhiteRD "50"]
[BlackElo "1852"]
[BlackRD "72"]
[GameID "211988"]

1. e4 e5 2. f4 exf4 3. Nf3 d6 4. Bc4 Be6 5. b3 Bxc4 6. bxc4 Nc6 7. d4 g5 8. O-O Bg7 9. c3 Qd7 10. Nxg5 O-O-O
11. Bxf4 f6 12. Nf3 h5 13. Nbd2 Nge7 14. Rb1 Ng6 15. Be3 h4 16. Qb3 b6 17. c5 dxc5 18. dxc5 Na5 19. Qb4 Bf8 20. Nb3 Nc6
21. Qa4 h3 22. g3 Qd3 23. Bd4 Bh6 24. Qxc6 Qc2 25. cxb6 Qg2#
0-1

[Event "Kings Gambit for all II"]
[Site "SchemingMind.com"]
[Date "2009.07.10"]
[Round "-"]
[White "dtedesco"]
[Black "alvaro"]
[Result "0-1"]
[WhiteCountry "CAN"]
[BlackCountry "URU"]
[WhiteElo "1520"]
[WhiteRD "73"]
[BlackElo "1852"]
[BlackRD "72"]
[GameID "211989"]

1. e4 e5 2. f4 exf4 3. Nf3 Nf6 4. e5 Nd5 5. c4 Nb6 6. d4 Bb4+ 7. Nc3 g5 8. Bd3 d6 9. O-O Bg4 10. Qe2 Kd7
11. Qe4 Nc6 12. c5 Bxc3 13. Nxg5 Bxd4+ 14. Kh1 dxe5 15. Nxf7 Qe7 16. Nxh8 Rxh8 17. cxb6 cxb6 18. a4 Kc8 19. Bd2 Bxb2 20. Rab1 Bd4
21. Bb5 Qe6 22. Rbc1 Bf5 23. Bxc6 Kb8 24. Bd5 Qd7 25. Qf3 h5 26. Rc4 Bg4= 27. Qd3 Qxd5 28. Bxf4 exf4 29. Rxd4 Qg5 30. Rdxf4 Rc8
31. Qd6+ Ka8 32. Rf8 Qc5 33. Rxc8+ Bxc8 34. Qd3 a5 35. h3 Ka7 36. Rd1 Qc6 37. Kh2 Qxa4 38. Qd4= Qxd4 39. Rxd4 b5 40. Rd5 Kb6
41. Rxh5 a4 42. Rd5 a3 43. g4 Kc6 44. Rd1 Be6 45. Kg3 b4 46. g5 b3 47. g6 a2 48. Rc1+ Kb5 49. h4 b2
0-1

[Event "Kings Gambit for all II"]
[Site "SchemingMind.com"]
[Date "2009.07.10"]
[Round "-"]
[White "lontjr"]
[Black "alvaro"]
[Result "1-0"]
[WhiteCountry "USA"]
[BlackCountry "URU"]
[WhiteElo "1361"]
[WhiteRD "128"]
[BlackElo "1779"]
[BlackRD "74"]
[GameID "211990"]

1. e4 e5 2. f4 exf4 3. Nf3 Nf6 4. e5 Nd5 5. c4 Nb6 6. d4 Bb4+ 7. Nc3 g5 8. Bd2 Nc6 9. d5 Ne7 10. Bd3 Ng6
11. O-O O-O 12. Bxg6 hxg6 13. Ne4 Bxd2 14. Qxd2 Nxc4 15. Qc3 Nb6 16. Nfxg5 d6 17. Nf6+ Kg7 18. Rxf4 Rh8 19. e6 Rh5 20. Nxh5+
1-0

[Event "Kings Gambit for all II"]
[Site "SchemingMind.com"]
[Date "2009.07.10"]
[Round "-"]
[White "andu"]
[Black "alvaro"]
[Result "1-0"]
[WhiteCountry "AUT"]
[BlackCountry "URU"]
[WhiteElo "1835"]
[WhiteRD "49"]
[BlackElo "1782"]
[BlackRD "72"]
[GameID "211991"]

1. e4 e5 2. f4 exf4 3. Nf3 Nf6 4. e5 Nd5 5. Nc3 Nxc3 6. dxc3 Bc5 7. Bxf4 O-O 8. Bc4 Nc6 9. Qd3 Be7 10. Rd1 Na5
11. Bd5 d6 12. exd6 Bxd6 13. Ng5 g6 14. Bxd6 Re8+ 15. Kf2 Qxg5 16. Bxc7 Bf5 17. Qg3 Qe7 18. Rhf1 Bxc2 19. Rd2 Qc5+ 20. Rd4 Nc6
21. Bd6 Qb5 22. Kg1 Nxd4 23. Bxf7+ Kh8 24. cxd4 h5 25. Bxg6 Bxg6 26. Qxg6 Qd5 27. Qf6+ Kh7 28. Rf5 Re1+ 29. Kf2 Rae8 30. Rxd5 R8e2+
31. Kg3 Re3+ 32. Kh4
1-0

[Event "Kings Gambit for all II"]
[Site "SchemingMind.com"]
[Date "2009.07.10"]
[Round "-"]
[White "DandyLion"]
[Black "alvaro"]
[Result "0-1"]
[WhiteCountry "IRL"]
[BlackCountry "URU"]
[WhiteElo "1895"]
[WhiteRD "81"]
[BlackElo "1782"]
[BlackRD "72"]
[GameID "211992"]

1. e4 e5 2. f4 exf4 3. Nf3 Nf6 4. Nc3 Bb4 5. Bc4 O-O 6. d3 d5 7. exd5 Re8+ 8. Kf1 Bxc3 9. bxc3 Nxd5 10. Bxd5 Qxd5
11. Bxf4 c6 12. Qd2 Na6 13. Kf2 Bg4 14. Rhe1 h6 15. Ne5 Bh5 16. d4 f6 17. Nd3 g5 18. Bg3 Qf5+ 19. Kg1 Qd7 20. Qf2 Kg7
21. Rab1 b5 22. Rf1 Qf7 23. a4 Bg4 24. axb5 Re2 25. bxa6 Rxf2 26. Rxf2 Qe8 27. Rb7+ Kg6 28. h4 Qe3 29. Kh2 Bc8 30. Rc7 Qe4
31. Nc5 Qg4 32. hxg5 hxg5 33. Rxc6 Bf5 34. Rf3 Qh5+ 35. Kg1 Rh8 36. Nd3 Qh1+ 37. Kf2 Qd1 38. Ne5+ Kg7 39. Rc7+ Kg8 40. Nd7 Qxc2+=
41. Kg1 Qd1+ 42. Rf1 Rh1+ 43. Kxh1 Qxf1+ 44. Kh2 Bxd7 45. Rxd7 Qxa6 46. Rc7 Qa1 47. d5 Qd1 48. d6 Qh5+ 49. Kg1 Qd1+ 50. Kf2 Qd2+
51. Kf3 Qd3+ 52. Kg4 f5+ 53. Kh3= f4 54. Kg4 Qxd6 55. Rxa7 fxg3 56. Ra5 Qf4+ 57. Kh5 Qh4+ 58. Kg6 Qe4+ 59. Rf5 Qxg2 60. Rxg5 Qf2
61. Rb5 g2 62. Rb8+ Qf8 63. Rb1= Qg7+ 64. Kh5 g1=Q 65. Rxg1 Qxg1
0-1